000 00416pab a2200157 454500
008 180718b2000 xxu||||| |||| 00| 0 eng d
100 _aTremblay, Manon
245 _aWomen, citizenship, and representation: an introduction
260 _c2000
300 _ap.339-43
362 _aOct
650 _aCitizenship
650 _aWomen in politics
773 _aInternational Political Science Review
909 _a46949
999 _c46949
_d46949